000 00765nam0a2200265 4500
001 RU\NLR\bibl\1217206
005 20250615110341.0
010 _a978-5-699-24113-2
_95000
021 _aRU
_b2008-16026
_9874
035 _a(NLR Aleph) 001203584
090 _a33478
_c33478
100 _a20080418d2007 |||y0rusy50 ca
101 0 _arus
102 _aRU
105 _ay |||||||||
200 1 _aПять с половиной звезд
_e[роман]
_fДенис Полесский
210 _aМосква
_cЭксмо
_d2007
215 _a313, [2] с.
_d17
225 1 _aБойFriend
700 1 _aПолесский
_bД.
_gДенис
_4070
801 0 _aRU
_bNLR
_c20080418
_gRCR
801 1 _aRU
_bNLR
_c20080418
942 _cBOOK
980 _aNB